Chemical engineering kinetics (Record no. 6589)

000 -LEADER
fixed length control field 00510nam a2200193 4500
001 - CONTROL NUMBER
control field 6589
003 - CONTROL NUMBER IDENTIFIER
control field BD-DhUET
008 - FIXED-LENGTH DATA ELEMENTS--GENERAL INFORMATION
fixed length control field 700825s1970 nyua b 001 0 eng
040 ## - CATALOGING SOURCE
Transcribing agency 0
Modifying agency BD-DhUET
Original cataloging agency DLC
082 00 - DEWEY DECIMAL CLASSIFICATION NUMBER
Classification number 541.39
Item number SMI/1970
100 ## - MAIN ENTRY--PERSONAL NAME
Personal name Smith, J. M.
245 10 - TITLE STATEMENT
Title Chemical engineering kinetics
250 ## - EDITION STATEMENT
Edition statement 2nd ed.
260 ## - PUBLICATION, DISTRIBUTION, ETC. (IMPRINT)
Place of publication, distribution, etc. New York
Name of publisher, distributor, etc. McGraw-Hill
Date of publication, distribution, etc. 1970
300 ## - PHYSICAL DESCRIPTION
Extent xviii, 612p.
Other physical details ill.
490 0# - SERIES STATEMENT
Series statement McGraw-Hill chemical engineering series
650 #0 - SUBJECT ADDED ENTRY--TOPICAL TERM
Topical term or geographic name as entry element Kinetics : Physical chemistry
942 ## - ADDED ENTRY ELEMENTS (KOHA)
Koha item type General Book
Holdings
Koha normalized classification for sorting Copy number Sublocation or collection (holding branch) Damaged status Piece designation (barcode) Date acquired Koha item type Not for loan Koha date last seen Lost status Source of classification or shelving scheme Location (home branch) Price effective from Withdrawn status Shelving location Koha full call number
541_390000000000000_SMI_19701Central Library, BUET 845762014-12-04General Book 2014-12-04  Central Library, BUET2014-12-04 Circulation section541.39/SMI/1970
541_390000000000000_SMI_19702Central Library, BUET 298652014-12-12General Book 2014-12-12  Central Library, BUET2014-12-12 Circulation section541.39/SMI/1970
541_390000000000000_SMI_19703Central Library, BUET 298672014-12-12General Book 2014-12-12  Central Library, BUET2014-12-12 Circulation section541.39/SMI/1970
541_390000000000000_SMI_19704Central Library, BUET 298632014-12-12General Book 2014-12-12  Central Library, BUET2014-12-12 Circulation section541.39/SMI/1970
541_390000000000000_SMI_19705Central Library, BUET 298712015-03-11General Book 2015-03-11  Central Library, BUET2015-03-11 Circulation section541.39/SMI/1970
541_390000000000000_SMI_19706Central Library, BUET 298682015-03-14General Book 2015-03-14  Central Library, BUET2015-03-14 Circulation section541.39/SMI/1970
541_390000000000000_SMI_19707Central Library, BUET 370452015-03-14General Book 2015-03-14  Central Library, BUET2015-03-14 Circulation section541.39/SMI/1970
541_390000000000000_SMI_19708Central Library, BUET 298692015-04-23General Book 2015-04-23  Central Library, BUET2015-04-23 Circulation section541.39/SMI/1970
541_390000000000000_SMI_19709Central Library, BUET 298592015-04-23General Book 2015-04-23  Central Library, BUET2015-04-23 Circulation section541.39/SMI/1970
541_390000000000000_SMI_197010Central Library, BUET 298702015-04-26General Book 2015-04-26  Central Library, BUET2015-04-26 Circulation section541.39/SMI/1970
541_390000000000000_SMI_197011Central Library, BUET 298612015-04-26General Book 2015-04-26  Central Library, BUET2015-04-26 Circulation section541.39/SMI/1970
541_390000000000000_SMI_197012Central Library, BUET 259672015-04-27General Book 2015-04-27  Central Library, BUET2015-04-27 Circulation section541.39/SMI/1970
541_390000000000000_SMI_197013Central Library, BUET 298602015-04-27General Book 2015-04-27  Central Library, BUET2015-04-27 Circulation section541.39/SMI/1970
541_390000000000000_SMI_197014Central Library, BUET 298622015-06-08Reading Item 2015-06-08  Central Library, BUET2015-06-08 Reading section541.39/SMI/1970
541_390000000000000_SMI_197015Central Library, BUET 298662015-06-08Reading Item 2015-06-08  Central Library, BUET2015-06-08 Reading section541.39/SMI/1970
541_390000000000000_SMI_197016Central Library, BUET 298722015-06-08Reading Item 2015-06-08  Central Library, BUET2015-06-08 Reading section541.39/SMI/1970
541_390000000000000_SMI_197017Central Library, BUET 298642015-06-08Reading Item 2015-06-08  Central Library, BUET2015-06-08 Reading section541.39/SMI/1970